Copine, Maîtresse ou les deux ? - Statistiques

Statistiques générales
  • Ce quiz a été pris 134 fois
    114 depuis la dernière actualisation
  • Le résultat moyen est 8 sur 15
Statistiques - réponses
Question Réponse % Correct
Cadreuse de la vidéo "La course kart du Youtube game" Maîtresse
86%
Sur le téléphone de Pierre Chabrier le contact "Alain Cadreur" est en réalité Maitresse
80%
A découvert des photos compromettantes sur l'ordinateur de Pierre Chabrier Copine
77%
Cadreuse de la vidéo "ON PREND UN DOS D’ÂNE À 170km/h." Maitresse
68%
Le Miltipla Sylvain
64%
A été trompé par Pierre Chabrier Les Deux
52%
La copine de Pierre Chabrier Copine
50%
Une abonnée de la chaine Vilbrequin Les Deux
50%
Organise les vacances en Italie Copine
48%
L'assistante de production chez Vilbrequin Copine
45%
A fait l'amour avec Pierre Chabrier sur le bureau a côté du chèque Les Deux
41%
Cette relation n'est pas un adultère car l'adultère ne concerne que les couples mariés, le terme d'infidélité serait plus adapté, de toutes façon c'était il y'a plus de 4 ans et le culot Sylvain, vraiment un petit peu de serieux là >:( Maitresse
36%
La Comptesse de Menthe et Cristaux Copine
30%
Elizabeth Borne Maitresse
30%
La Volkswagen Phaeton Essence
27%
Aucun quiz correspondant
Distribution des résultats
% des personnes avec chaque résultat
Percentile par nombre de réponses
Votre historique - résultats
Vous n’avez pas pris ce quiz depuis la dernière actualisation